| 000 | nam a22 7a 4500 | ||
|---|---|---|---|
| 999 |
_c149239 _d149237 |
||
| 005 | 20190624121617.0 | ||
| 008 | 190624b mx ||||| |||| 00| 0 spa d | ||
| 050 | 0 | 4 |
_aHX115.Y8 _bL66 1977 |
| 100 | 1 |
_aLombardo Toledano, Vicente, _d1894-1968 |
|
| 245 | 1 | 3 |
_aEl llanto del sureste / _cVicente lombardo toledano |
| 250 | _a1a edición | ||
| 260 |
_aMéxico : _bCehsmo, _c1977 |
||
| 300 |
_a64 p. ; _c17 cm. |
||
| 490 | 0 |
_aCuadernos obreros ; _vNo. 16 |
|
| 650 | 4 |
_aComunismo _xMéxico |
|
| 650 | 4 |
_aSocialismo _xMéxico |
|
| 942 |
_2lcc _cLIB |
||